Statistics for Norwich City all-time top scorers

Click here to take the quiz!

General Stats

  • This quiz has been taken 17 times
  • The average score is 4 of 10

Answer Stats

GoalsNationalityPlayer% Correct
88FinlandTeemu Pukki
100%
78EnglandGrant Holt
77%
85WalesIwan Roberts
46%
48EnglandDarren Huckerby
38%
54IrelandWes Hoolahan
38%
49ScotlandRobert Fleck
31%
47EnglandJohn Deehan
15%
38EnglandKevin Reeves
15%
43EnglandMartin Peters
15%
42EnglandCameron Jerome
8%

Score Distribution

Percentile by Number Answered

Percent of People with Each Score

Your Score History

You have not taken this quiz